Angielski słówka rozdział 4 - Statystyki

Ogólne statystyki
  • Ten quiz został rozwiązany 14 razy
  • Średni wynik to 3 z 32
Statystyki odpowiedzi
Po polsku Po angielsku % Poprawnych
hulajnoga scooter
46%
zabawa w chowanego hide and seek
38%
zjeżdżalnia slide
38%
zjeżdżalnia wodna water slide
38%
ławka bench
31%
łopatka shovel
31%
huśtawka swing
23%
gra w kulki marbles
15%
huśtawka równoważna seesaw
8%
pluszowe zwierzątko stuffed animal
8%
obręcz do kosza basketball hoop
0%
diabelski młyn big wheel
0%
ciuciubabka blind man's buff
0%
nadmuchiwany zamek bouncy castle
0%
wata cukrowa candyfloss
0%
drabinki do wspinania się climbing frame
0%
samochodzik elektryczny dodgem
0%
skakanie przez dwie skakanki double dutch
0%
gra w klasy hopscotch
0%
drabinka pozioma monkey bars
0%
foremka mould
0%
karuzela roundabout
0%
piaskownica sandpit, sandbox
0%
tor łyżwiarski, lodowisko skating rink
0%
skakanka skipping rope
0%
wodny plac zabaw sprayground
0%
bujak sprężynowy spring horse
0%
zraszacz sprinkler
0%
szczudła stilts
0%
berek tag, tig
0%
huśtawka z opony tyre swing
0%
rampa do jazdy na deskorolce vert ramp
0%
Nie znaleziono quizów pasujących do podanych kryteriów
Rozkład punktacji
Procent ludzi z każdym wynikiem
Percentyl według liczby udzielonych odpowiedzi
Twoja historia wyników
Nie rozwiązałeś tego quizu